Normal view
MARC view
- Canals Botines, Mireia
Entry Nombre Personal
001 - NUMERO DE CONTROL
- campo de control: 36434
003 - IDENTIFICADOR DE NUMERO DE CONTROL
- campo de control: UPN
005 - FECHA Y HORA DE LA ÜLTIMA TRANSACCIÓN
- campo de control: 20210219194514.0
008 - DATOS DE LONGITUD FIJA
- campo de control de longitud fija: nabaccnnaabn|||||||||| b |nc|||||d
035 ## - NUMERO DE CONTROL
- Número de control: UPN11000008541
040 ## - FUENTE DE CATALOGACIÓN
- Lenguaje de catalogación: SPA
- Agencia de transcripción: UPN
053 #4 - NÚMERO DE CLASIFICACIÓN LC
- Número de clasificación elemento-número único o número inicial de tramo: PQ6703 A5.2
100 1# - ENCABEZAMIENTO - NOMBRE PERSONAL
- Nombre personal: Canals Botines, Mireia
400 1# - VEÁSE - NOMBRE DE PERSONA
- Personal name: Canals, Mireia
670 ## - FUENTE EN LA QUE SE LOCALIZARON DATOS
- Cita de la fuente: T
- Uniform Resource Identifier: http://www.amazon.es/Libros-Mireia-Canals-Botines/s?ie=UTF8&page=1&rh=n%3A599364031%2Cp_27%3AMireia%20Canals%20Botines
680 ## - NOTA PUBLICA DE ACCESO PÚBLICO
- Frase explicativa de la referencia: Escritora catalana
902 ## - CATALOGADOR
- Catalogador: MITM/050215
